Detective maravilhas rumo à vitória (Registo nº 425)

Detalhes MARC
000 -Etiqueta do registo
Cabeçalho 00712nam0a2200241 4500
005 - Identificador da versão
Campo de controlo 20240813121803.0
010 ## - Número internacional normalizado dos livros (ISBN)
Número (ISBN) 972221960X
021 ## - Número do Depósito Legal
Código do país PT
Número 140880/99
100 ## - Dados gerais de processamento
Dados gerais de processamento 20151030d1999 a y0pory5003 ba
102 ## - Pais de publicação ou produção
País de publicação Portugal
101 0# - Língua de publicação
Língua do texto, banda sonora, etc. Português
215 ## - Descrição física 
Indicação específica da natureza do documento e extensão da espécie 149 p.
Outras indicações físicas il
200 1# - Titulo e menção de responsabilidade
Título próprio Detective maravilhas rumo à vitória
Primeira menção de responsabilidade Maria do Rosário Pedreira
225 2# - Colecção 
Título próprio da colecção Detective maravilhas
Indicação de volume 8
210 ## - Publicação, Distribuição, etc. 
Lugar da edição, distribuição, etc. Lisboa
Nome do editor, distribuidor, etc. Verbo
Data da publicação, distribuição, etc. D. L. 1999
606 ## - Nome comum usado como assunto
Número de registo de entrada de autoridade 0002112
Palavra de ordem Literatura portuguesa
Subdivisão de assunto Romances de aventuras
Código do sistema CA
675 ## - Classificação Decimal Universal (CDU)
Notação 821.134.3-311.3
Edição 3ª ed.
Língua da edição por
700 ## - Nome de autor-pessoa física (responsabilidade principal)
Número de registo de entrada de autoridade 0000494
Palavra de ordem Pedreira
Outra parte do nome não tomada para palavra de ordem Maria do Rosário
Datas 1959-
966 ## - Identificação da Biblioteca
Sigla EB2,3ENM
942 ## - Elementos de entrada adicionados (Koha)
Tipo de item no Koha Livro
Exemplares
Situação do levantamento Origin of item (home branch) (coded) Biblioteca de empréstimo Código de barras Cota Circulation type (not for loan) Tipo de documento Nota do exemplar Damaged status
  Biblioteca Escolar Eng. Nuno Mergulhão Biblioteca Escolar Eng. Nuno Mergulhão BENM10 82LP-3 PED   Livro Sem mensagem